Bayern Munchen - Tous les joueurs de 2010 à 2025 - Statistiques

Statistiques générales
  • Ce quiz a été pris 1 312 fois
    140 depuis la dernière actualisation
  • Le résultat moyen est 59 sur 144
Statistiques - réponses
Saison Nationalités Joueur Nombre
De Matchs
Poste % Correct
2011 - Allemagne ManuelNeuer 556 G
99%
2008 - 2025 Allemagne ThomasMuller 756 M/A
98%
2007 - 2019 France FranckRibéry 425 A
97%
2009 - 2019 Pays - Bas ArjenRobben 309 A
95%
2014 - 2022 Pologne RobertLewandowski 375 A
95%
2009 - 2021 Autriche DavidAlaba 431 D
94%
2015 - Allemagne JoshuaKimmich 440 D/M
94%
2015 - 2025 France KingsleyComan 335 A
93%
2002 - 20032005 - 2017 Allemagne PhilippLahm 517 D/M
92%
2018 - Canada AlphonsoDavies 226 D
91%
2020 - 2025 Allemagne LeroySané 220 A
90%
2018 - Allemagne SergeGnabry 280 A
90%
2002 - 2015 Allemagne BastianSchweinsteiger 500 M
88%
2021 - France DayotUpamecano 149 D
88%
2011 - 2021 Allemagne JeromeBoateng 363 D
88%
2023 - Angleterre HarryKane 91 A
87%
2018 - Allemagne LeonGoretzka 261 M
87%
2006 - 20072016 - 2019 Allemagne MatsHummels 118 D
83%
2015 - 2018 Chili ArturoVidal 124 M
80%
2019 - 2023 France BenjaminPavard 162 D
80%
2012 - 2021 Espagne JaviMartínez 268 D/M
80%
2024 - France MichaelOlise 50 A
80%
2022 - 2023 Sénégal SadioMané 38 A
80%
2019 - 2023 France LucasHernández 107 D
78%
2019 - Allemagne JamalMusiala 204 M
77%
2020 - 2024 Cameroun Eric MaximChoupo - Moting 122 A
76%
2013 - 2020 Espagne ThiagoAlcantara 235 M
76%
2012 - 2015 Brésil Dante 133 D
75%
2017 - 2022 France CorentinTolisso 118 M
73%
2015 - 20172020 - 2021 Brésil DouglasCosta 97 A
73%
2022 - Pays - Bas MatthijsDe Ligt 73 D
73%
2017 - 2019 Colombie JamesRodriguez 67 M
72%
2023 - Corée Du Sud KimMin Jae 79 D
72%
2013 - 2016 Allemagne MarioGotze 114 M
72%
2015 - 20202021 - Allemagne SvenUlreich 103 G
72%
2023 - Autriche KonradLaimer 85 D/M
71%
2012 - 2014 Croatie MarioMandzukic 88 A
70%
2020 - 2024 Sénégal BounaSarr 33 D
69%
2007 - 20092010 - 2014 Allemagne ToniKroos 205 M
69%
2019 - 2020 Brésil PhilippeCoutinho 38 M/A
68%
2022 - 2024 Maroc NoussairMazraoui 55 D
67%
2009 - 2013 Allemagne MarioGómez 174 A
66%
2022 - 2023 Suisse YannSommer 25 G
66%
2001 - 20072012 - 2015 Pérou ClaudioPizarro 327 A
65%
2023 - Portugal RaphaelGuerreiro 62 D
65%
2020 - 20232024 - Croatie JosipStanisic 62 D
64%
2022 - 2025 France MathysTel 83 A
64%
2014 - 2017 Espagne XabiAlonso 117 M
64%
2019 - 2020 Croatie IvanPerisic 35 M
63%
2012 - 2015 Suisse XherdanShaqiri 81 A
61%
2007 - 2011 Allemagne MiroslavKlose 150 A
60%
2023 - Allemagne AleksandarPavlovic 50 M
59%
2012 - 2013 Allemagne EmreCan 7 M
59%
2011 - 2019 Brésil Rafinha 266 D
59%
2006 - 2014 Belgique DanielVan Buyten 239 D
58%
2021 - 2023 Autriche MarcelSabitzer 54 M
58%
2024 - Japon HirokiIto 8 D
56%
2014 - 2016 Maroc MedhiBenatia 46 D
56%
2017 - 2022 Allemagne NiklasSule 171 D
55%
2023 - France SachaBoey 19 D
55%
2014 - 2018 Espagne JuanBernat 113 D
53%
2016 - 20172018 - 2019 Portugal RenatoSanches 53 M
53%
2022 - 2023 Portugal JoaoCancelo 21 D
50%
2019 - 20202021 - 2022 France MIchaelCuisance 13 M
50%
2023 - 2025 Angleterre Eric Dier 48 D
49%
2003 - 2011 Argentine MartínDemichelis 259 D
48%
2022 - 2023 Pays - Bas RyanGravenberch 33 M
44%
2024 - 2025 Portugal JoaoPalhinha 24 M
43%
2009 - 2017 Allemagne HolgerBadstuber 177 D
41%
2010 - 2013 Brésil LuizGustavo 100 M
39%
2006 - 2011 Pays - Bas MarkVan Bommel 187 M
38%
2012 - 2015 Danemark Pierre - EmileHojbjerg 25 M
38%
2009 - 2012 Croatie IvicaOlic 80 A
35%
2024 - Allemagne JonasUrbig 12 G
34%
2020 - 2022 France TanguyNianzou 28 D
33%
2007 - 2011 Turquie HamitAltintop 109 M
32%
2019 - 2021 Pays - Bas JoshuaZirkzee 17 A
30%
2020 - 2021 Allemagne AlexanderNubel 4 G
29%
2023 - 2025 Israel DanielPeretz 7 G
29%
2022 - 20232024 - 2025 Allemagne ArijonIbrahimovic 4 M
28%
2017 - 2018 Allemagne SebastianRudy 35 M
27%
2019 - 2021 États - Unis ChrisRichards 10 D
26%
2021 - 2022 États - Unis OmarRichards 17 D
26%
2022 - 2023 Pays - Bas DaleyBlind 5 D
24%
2020 - 2022 Espagne MarcRoca 24 M
24%
2014 - 2016 Allemagne SebastianRode 52 M
23%
2009 - 2013 Ukraine AnatoliyTymoshchuk 132 M
22%
2009 - 2014 Allemagne DiegoContento 69 D
22%
2014 - 2015 Espagne PepeReina 3 G
22%
2023 - 2024 Espagne BryanZaragoza 7 A
21%
2008 - 2012 Allemagne Hans JorgButt 91 G
21%
2024 - 2025 Maroc AdamAznou 3 D
19%
2007 - 20082017 - 2019 Allemagne SandroWagner 38 A
18%
2012 - 2018 Allemagne TomStarke 12 G
17%
2019 - 2020 Espagne AlvaroOdriozola 5 D
16%
2009 - 2012 Croatie DanijelPranjic 85 D
14%
2021 - 2022 États - Unis MalikTillman 7 M
14%
2020 - 2021 Allemagne Hans FieteArp 1 A
12%
2012 - 2015 Allemagne MitchellWeiser 21 D
12%
2021 - 2023 Allemagne PaulWanner 8 M
12%
2024 - 2025 Suède JonahKusi - Asare 1 A
11%
2013 - 20142015 - 2017 États - Unis JulianGreen 4 M
11%
2019 - 2020 Nouvelle -Zélande SarpreetSingh 2 M
11%
2007 - 2011 Brésil Breno 33 D
9%
2021 - 20222024 - 2025 Croatie GabrielVidovic 8 A
8%
2023 - 2024 Croatie LovroZvonarek 5 M
8%
2020 - 2021 Portugal TiagoDantas 2 M
7%
2020 - 2021 Allemagne AngeloStiller 3 M
6%
2021 - 2022 Allemagne ChristianFruchtl 1 G
6%
2009 - 2011 Pays - Bas EdsonBraafheid 19 D
6%
2017 - 2018 Cameroun FranckEvina 2 A
6%
2023 - 2024 Allemagne FranzKratzig 7 D/M
6%
2014 - 2016 Allemagne GianlucaGaudino 11 M
6%
2007 - 2001 Argentine JoséSosa 53 M
6%
2017 - 2018 Allemagne LukasMai 2 D
6%
2017 - 2018 Autriche MarcoFriedl 2 D
6%
2010 - 2011 Allemagne ThomasKraft 19 G
6%
2004 - 2011 Allemagne AndreasOttl 141 M
5%
2017 - 2018 Allemagne NiklasDorsch 1 M
5%
2019 - 2020 Allemagne OliverBatista Meier 1 A
5%
2015 - 2016 Allemagne SerdarTasci 3 D
5%
2018 - 2019 CoréeDu Sud Woo - YeongJeong 2 A
5%
2020 - 2021 Allemagne BrightArrey - Mbi 1 D
4%
2013 - 2014 Allemagne JanKirchhoff 12 D/M
4%
2023 - 2025 Danemark Jonathan AspJensen 1 M
4%
2017 - 2020 Ghana KwasiWriedt 3 A
4%
2013 - 2014 Allemagne LukasRaeder 3 G
4%
2011 - 2012 Allemagne NielsPetersen 15 A
4%
2011 - 2012 Japon TakashiUsami 5 A
4%
2016 - 2017 Croatie FabianBenko 1 A
3%
2019 - 2021 Allemagne LeonDajaku 3 A
3%
2023 - 2024 Suède MatteoPérez Vinlof 1 D
3%
2017 - 2019 Allemagne MeritanShabani 3 M
3%
2015 - 2016 Serbie MilosPantovic 1 M
3%
2021 - 2022 États - Unis TaylorBooth 1 M
3%
2021 - 2024 Allemagne LucasCopado 1 A
2%
2014 - 2015 Allemagne SinanKurt 1 A
2%
2023 - 2024 Japon TaichiFukui 1 M
2%
2013 - 2014 Autriche YlliSallahi 1 D
2%
2020 - 2021 Allemagne ArmindoSieb 1 A
1%
2020 - 2021 Allemagne ChristopherScott 2 M
1%
2020 - 2021 Lettonie DanielsOntuzans 1 A
1%
2014 - 2015 Allemagne LukasGortler 1 ,M
1%
2014 - 2015 Allemagne RicoStrieder 1 M
1%
Aucun quiz correspondant
Distribution des résultats
% des personnes avec chaque résultat
Percentile par nombre de réponses
Votre historique - résultats
Vous n’avez pas pris ce quiz depuis la dernière actualisation